<?xml version="1.0" encoding="UTF-8"?>
<collection xmlns="http://www.loc.gov/MARC21/slim">
 <record>
  <leader>01535nam a2200349 a 4500</leader>
  <controlfield tag="001">28694</controlfield>
  <controlfield tag="003">BD-DhAAL</controlfield>
  <controlfield tag="005">20150106115334.0</controlfield>
  <controlfield tag="008">150106s2000    ilu    c      000 1 eng  </controlfield>
  <datafield tag="010" ind1=" " ind2=" ">
   <subfield code="a">  2001278834</subfield>
  </datafield>
  <datafield tag="020" ind1=" " ind2=" ">
   <subfield code="a">0809205815</subfield>
  </datafield>
  <datafield tag="040" ind1=" " ind2=" ">
   <subfield code="a">DLC</subfield>
   <subfield code="c">DLC</subfield>
   <subfield code="d">DLC</subfield>
   <subfield code="d">BD-DhAAL</subfield>
  </datafield>
  <datafield tag="042" ind1=" " ind2=" ">
   <subfield code="a">lcac</subfield>
  </datafield>
  <datafield tag="043" ind1=" " ind2=" ">
   <subfield code="a">n-us-ny</subfield>
  </datafield>
  <datafield tag="050" ind1="0" ind2="0">
   <subfield code="a">PZ7.K9225</subfield>
   <subfield code="b">Wh 2000</subfield>
  </datafield>
  <datafield tag="082" ind1="0" ind2="0">
   <subfield code="a">813.54</subfield>
   <subfield code="2">22</subfield>
  </datafield>
  <datafield tag="100" ind1="1" ind2=" ">
   <subfield code="a">Kroll, Steven.</subfield>
   <subfield code="9">7122</subfield>
  </datafield>
  <datafield tag="245" ind1="1" ind2="0">
   <subfield code="a">When I dream of heaven :</subfield>
   <subfield code="b">Angelina's story /</subfield>
   <subfield code="c">Steven Kroll.</subfield>
  </datafield>
  <datafield tag="260" ind1=" " ind2=" ">
   <subfield code="a">Lincolnwood, Ill. :</subfield>
   <subfield code="b">Jamestown Publishers,</subfield>
   <subfield code="c">c2000.</subfield>
  </datafield>
  <datafield tag="300" ind1=" " ind2=" ">
   <subfield code="a">155 p. ;</subfield>
   <subfield code="c">22 cm.</subfield>
  </datafield>
  <datafield tag="440" ind1=" " ind2="0">
   <subfield code="a">Jamestown's American portraits</subfield>
   <subfield code="9">7054</subfield>
  </datafield>
  <datafield tag="520" ind1=" " ind2=" ">
   <subfield code="a">In 1895 in New York City, Gina, a fourteen-year-old Italian immigrant, forced by her family to drop out of school and work long hours in a garment factory, tries to break free of the control her parents have over her finances and social life.</subfield>
  </datafield>
  <datafield tag="650" ind1=" " ind2="0">
   <subfield code="a">Italian Americans</subfield>
   <subfield code="v">Juvenile fiction.</subfield>
   <subfield code="9">7123</subfield>
  </datafield>
  <datafield tag="650" ind1=" " ind2="1">
   <subfield code="a">Italian Americans</subfield>
   <subfield code="v">Fiction.</subfield>
   <subfield code="9">7124</subfield>
  </datafield>
  <datafield tag="650" ind1=" " ind2="1">
   <subfield code="a">Immigrants</subfield>
   <subfield code="v">Fiction.</subfield>
   <subfield code="9">7125</subfield>
  </datafield>
  <datafield tag="650" ind1=" " ind2="1">
   <subfield code="a">Self-confidence</subfield>
   <subfield code="v">Fiction.</subfield>
   <subfield code="9">7126</subfield>
  </datafield>
  <datafield tag="650" ind1=" " ind2="1">
   <subfield code="a">Factories</subfield>
   <subfield code="v">Fiction.</subfield>
   <subfield code="9">7127</subfield>
  </datafield>
  <datafield tag="650" ind1=" " ind2="1">
   <subfield code="a">Conduct of life</subfield>
   <subfield code="v">Fiction.</subfield>
   <subfield code="9">7128</subfield>
  </datafield>
  <datafield tag="651" ind1=" " ind2="1">
   <subfield code="a">New York (N.Y.)</subfield>
   <subfield code="x">History</subfield>
   <subfield code="y">1865-1898</subfield>
   <subfield code="v">Fiction.</subfield>
   <subfield code="9">7129</subfield>
  </datafield>
  <datafield tag="942" ind1=" " ind2=" ">
   <subfield code="2">ddc</subfield>
   <subfield code="c">BK</subfield>
  </datafield>
  <datafield tag="999" ind1=" " ind2=" ">
   <subfield code="c">33392</subfield>
   <subfield code="d">33392</subfield>
  </datafield>
  <datafield tag="952" ind1=" " ind2=" ">
   <subfield code="0">0</subfield>
   <subfield code="1">0</subfield>
   <subfield code="2">ddc</subfield>
   <subfield code="4">0</subfield>
   <subfield code="6">813_540000000000000_KRO</subfield>
   <subfield code="7">0</subfield>
   <subfield code="9">44633</subfield>
   <subfield code="a">BRACUL</subfield>
   <subfield code="b">BRACUL</subfield>
   <subfield code="c">GEN</subfield>
   <subfield code="d">2015-01-06</subfield>
   <subfield code="e">BRAC Institute of Language (BIL)</subfield>
   <subfield code="l">6</subfield>
   <subfield code="m">55</subfield>
   <subfield code="o">813.54 KRO</subfield>
   <subfield code="p">3010028694</subfield>
   <subfield code="r">2025-11-02</subfield>
   <subfield code="s">2025-10-21</subfield>
   <subfield code="t">1</subfield>
   <subfield code="w">2015-01-06</subfield>
   <subfield code="y">BK</subfield>
   <subfield code="x">Transferred from BIL to BRACUL on 06/06/22</subfield>
  </datafield>
 </record>
</collection>
